Statistics for Taylor Swift - King of My Heart Lyrics

Click here to take the quiz!

General Stats

  • This quiz has been taken 185 times
  • The average score is 426 of 464

Answer Stats

Answer% Correct
a
100%
I
100%
My
100%
my
100%
on
100%
And
99%
and
99%
King
99%
of
99%
Body
98%
body
98%
heart
98%
soul
98%
The
98%
the
98%
you
98%
all
97%
bein'
97%
me
97%
oh
97%
Oh
97%
are
96%
your
96%
Your
96%
I'm
95%
Is
95%
is
95%
we
95%
We
95%
for
94%
in
94%
to
94%
With
94%
with
94%
have
93%
one
93%
waiting
93%
been
92%
own
92%
where
92%
queen
91%
"baby"
90%
Baby
90%
fine
90%
like
90%
live
90%
roof
90%
this
90%
Up
90%
up
90%
we're
90%
American
89%
at
89%
crush
89%
night
89%
try
89%
beat
88%
beer
88%
clothes
88%
end
88%
endings?
88%
off
88%
once
88%
perfectly
88%
want
88%
alone
87%
bones
87%
broken
87%
cups
87%
do
87%
I've
87%
mending
87%
move
87%
Never
87%
never
87%
out
87%
plastic
87%
ago
86%
better
86%
cars
86%
Drinking
86%
fancy
86%
few
86%
go
86%
Now
86%
room
86%
school
86%
their
86%
tryin'
86%
weeks
86%
you're
86%
boys
85%
kingdom
85%
met
85%
nights
85%
callin'
84%
I'll
84%
inside
84%
these
84%
enough
83%
girl
83%
let
83%
made
83%
mind
83%
spending
83%
Jaguars
82%
Rovers
82%
Range
81%
rule
80%
expensive
79%
not
79%
took
79%
stuff
78%
city's
77%
dying
77%
keep
77%
luxury
77%
Motown
77%
asleep
76%
idea
76%
Late
76%
lips
76%
Say
76%
Change
75%
taste
75%
love
74%
secret
74%
woah
74%
hoping
73%
quite
73%
priorities
71%
'Cause
70%
Salute
67%
dreaming
66%

Score Distribution

Percentile by Number Answered

Percent of People with Each Score

Your Score History

You have not taken this quiz